Phép lạ hàng ngày Thơ

সংরক্ষণ করুন:
গ্রন্থ-পঞ্জীর বিবরন
প্রধান লেখক: Rôbe, RôtdexTvenxky
অন্যান্য লেখক: Vũ Quốc Phương (Giới thiệu)
বিন্যাস: গ্রন্থ
প্রকাশিত: H. Hội nhà văn Việt Nam 1982
বিষয়গুলি:
ট্যাগগুলো: ট্যাগ যুক্ত করুন
কোনো ট্যাগ নেই, প্রথমজন হিসাবে ট্যাগ করুন!
Thư viện lưu trữ: Trung tâm Học liệu Lê Vũ Hùng, Trường Đại học Đồng Tháp
LEADER 00846pam a22002418a 4500
001 00020593
005 20171026081023.0
008 110518s1982 ||||||Viesd
041 0 # |a Vie 
082 1 4 |a 895.922 1  |b PH206L 
100 0 # |a Rôbe, RôtdexTvenxky 
245 0 0 |a Phép lạ hàng ngày  |b Thơ  |c RôtdexTvenxky Rôbe; Vũ Quốc Phương giới thiệu 
260 # # |a H.  |b Hội nhà văn Việt Nam  |c 1982 
300 # # |a 74 tr.  |c 19 cm. 
653 # # |a Thơ 
653 # # |a Văn học Việt Nam 
700 0 # |a Vũ Quốc Phương  |e Giới thiệu 
852 # # |b Kho mượn  |j KM.0011587, KM.0011588 
852 # # |b Kho đọc  |j KD.0005477 
852 # # |j KD.0005477  |j KM.0011588  |j KM.0011587 
910 |d 18/05/2011 
980 # # |a Trung tâm Học liệu Lê Vũ Hùng, Trường Đại học Đồng Tháp